000 00295nam a2200097Ia 4500
008 220204s9999 xx 000 0 und d
082 _a678.4:62:678.061
_bLAT
245 0 _aInternational Latex Conference 20-21 July 2004, Hilton, Akron
260 _aAkron
_bRubber & Plastics News
_c2004
942 _cBK
999 _c44128
_d44128